Historia del siglo XX: 1914-1991

Đã lưu trong:
Chi tiết về thư mục
Tác giả chính: Hobsbawm, Eric (prefacio)
Định dạng: Sách
Ngôn ngữ:Tiếng Tây Ban Nha
Được phát hành: Barcelona Planeta S. A 2012
Loạt:Historia del Mundo Contemporáneo
Những chủ đề:
Các nhãn: Thêm thẻ
Không có thẻ, Là người đầu tiên thẻ bản ghi này!

MARC

LEADER 00000cam a2200000 a 4500
001 UCF7133
003 CL-VaPUC
005 20230315111249.0
008 130606e20120000SP |||||||||||||||||spa|d
999 |c 352052  |d 352050 
020 |a 9788498921908 
040 |c Pontificia Universidad Católica de Valparaíso 
082 0 4 |a 909.82  |b HOB  |2 21 
100 |a Hobsbawm, Eric   |e prefacio  |9 500134 
245 1 0 |a Historia del siglo XX: 1914-1991 
260 |a Barcelona  |b Planeta S. A  |c 2012 
300 |a 614 p 
490 0 |a Historia del Mundo Contemporáneo 
583 |a last modification  |c 20130606 11:56:00  |k Rodrigo Vera 
650 7 |a HISTORIA DEL SIGLO 20  |2 CL-VaPUC  |9 534281 
650 0 |a Historia contemporánea  |9 343224 
650 7 |a GUERRA MUNDIAL  |2 CL-VaPUC  |9 346688 
650 0 |a Historia mundial   |9 521627 
942 |c BK  |2 ddc 
945 |d 20130606 00:00:00  |a dcastane 
952 |0 0  |1 0  |4 0  |6 909_820000000000000_HOB_2012  |7 0  |8 A  |9 456558  |a BIBARQ  |b BIBARQ  |d 2019-11-22  |i 4977645  |o 909.82 HOB 2012  |p 4977645  |r 2025-01-20  |w 2019-11-22  |y BK  |k ARQ